000 01030nam2a2200265 4500
001 RU\NLR\bibl\1422124
005 20250615214846.0
010 _a978-5-9933-0030-6
_9100
021 _aRU
_b2009-63219
_93897
035 _a(NLR Aleph) 001414063
090 _a1300822
_c1300822
100 _a20091009d2009 |||y0rusy50 ca
101 0 _arus
102 _aRU
105 _ay |||||||||
200 1 _aПочему мы такие?
210 _d2009
_aБ. м.
215 _a159 с.
320 _aИмен. указ.: с. 157-159
461 0 _1001RU\NLR\bibl\1338909
_12001#$aОткровенный диалог о человеке$v5
_9758547
_aМаломуж, Б. С.
_cМосква
_d2008
_f[Борис Маломуж]
_nГраница
_oнаучно-художественные диалоги мыслителей всех времен и народов
_tОткровенный диалог о человеке
_v5
801 0 _aRU
_bNLR
_c20091009
_gRCR
801 1 _aRU
_bNLR
_c20091009
942 _cBOOK
980 _aNB